LEGO Star Wars: Jedi by Picture - Statistics

General Stats
  • This quiz has been taken 318 times
    222 since last reset
  • The average score is 33 of 53
Answer Stats
Picture Answer % Correct
Anakin Skywalker
95%
Ahsoka Tano
94%
Ben Solo
93%
Din Grogu
91%
Aayla Secura
89%
Dooku
89%
Leia Organa
89%
Luke Skywalker
89%
Rey
89%
Asajj Ventress
88%
Mace Windu
88%
Qui-Gon Jinn
88%
Kit Fisto
86%
Yoda
86%
FN-2187 "Finn"
85%
Obi-Wan Kenobi
85%
Plo Koon
85%
Ki-Adi-Mundi
82%
Shaak Ti
79%
Ezra Bridger
78%
Barriss Offee
77%
Luminara Unduli
77%
Cal Kestis
75%
Grand Inquisitor
74%
Caleb Dume
72%
Bobarian Afol
69%
Revan
69%
Eeth Koth
65%
Reva Sevander
65%
Sabine Wren
65%
Coleman Trebor
64%
Pong Krell
63%
Quinlan Vos
62%
Even Piell
60%
Agen Kolar
57%
Saesee Tiin
54%
Darth Malak
51%
Fifth Brother
51%
Baylan Skoll
49%
Marrok
47%
Stass Allie
43%
Nahdar Vebb
42%
Kelleran Beq
34%
Shin Hati
33%
Rowan Freemaker
25%
Satele Shan
25%
Nubs
18%
Noga-ta
17%
Sig Greebling
13%
Naare
11%
Kao Cen Darach
10%
Kai Brightstar
9%
Lys Solay
7%
No matching quizzes found
Score Distribution
Percent of People with Each Score
Percentile by Number Answered
Your Score History
You have not taken this quiz since the last reset